000 01140nam a2200349 a 4500
001 000110658
003 CHAP
005 20220329144142.0
008 140923s2014 mx a |r| ||||||spa d
010 _a107120
011 _a108092
020 _a9786077928201
040 _cCHAP
082 0 4 _a633.5
_bM21
245 1 3 _aEl maguey y el pulque en la región central de México :
_bcoordinado por Yolanda Ramos Galicia y Guillermo Aragón Loranca.
260 _aTlaxcala, Méx. :
_bGobierno del Estado de Tlaxcala,
_c2014.
300 _a235 p. :
_bil., cuadros.
590 _aE11695DGD
_b10
_c20140924
_lUCH01
_h0931
590 _aE5995AHE
_b05
_c20140923
_lUCH01
_h1112
590 _aE5995AHE
_b05
_c20140923
_lUCH01
_h1115
590 _aE5995AHE
_b05
_c20140923
_lUCH01
_h1119
590 _aE5995AHE
_b05
_c20140923
_lUCH01
_h1119
590 _aE5995AHE
_b05
_c20140923
_lUCH01
_h1120
650 1 4 _aAgave.
_91069
650 1 4 _aAgave
_zTlaxcala.
_91100
650 1 4 _aPulque.
_993009
700 1 _aAragón Loranca, Guillermo
_ecomp.
_9128477
700 1 _aRamos Galicia, Yolanda
_ecoord.
_994414
901 _aBK
942 _cLIBRO
942 _n0
999 _c107120
_d107120